守本纳新: (Record no. 30049)
[ view plain ]
| 000 -LEADER | |
|---|---|
| fixed length control field | 00746nam a2200217Ia 4500 |
| 008 - FIXED-LENGTH DATA ELEMENTS--GENERAL INFORMATION | |
| fixed length control field | 201007s9999||||xx |||||||||||||| ||und|| |
| 020 ## - INTERNATIONAL STANDARD BOOK NUMBER | |
| International Standard Book Number | 7520311473 |
| 020 ## - INTERNATIONAL STANDARD BOOK NUMBER | |
| International Standard Book Number | 9787520311472 |
| 041 ## - LANGUAGE CODE | |
| Language code of text/sound track or separate title | chi |
| 050 ## - LIBRARY OF CONGRESS CALL NUMBER | |
| Classification number | DS751.72 |
| Item number | .S85 2017 |
| 100 ## - MAIN ENTRY--PERSONAL NAME | |
| Personal name | 孙建权 |
| 245 #0 - TITLE STATEMENT | |
| Title | 守本纳新: |
| Remainder of title | 辽金赦宥制度研究 / |
| Statement of responsibility, etc. | 孙建权 |
| 246 ## - VARYING FORM OF TITLE | |
| Title proper/short title | 守本納新 : |
| Remainder of title | 遼金赦宥制度研究/ |
| 260 ## - PUBLICATION, DISTRIBUTION, ETC. | |
| Place of publication, distribution, etc. | 北京 : |
| Name of publisher, distributor, etc. | 中国社会科学出版社, |
| Date of publication, distribution, etc. | 2017 |
| 300 ## - PHYSICAL DESCRIPTION | |
| Extent | 3, 2, 243 p. : |
| Other physical details | ill, map. ; |
| Dimensions | 24 cm. |
| 490 ## - SERIES STATEMENT | |
| Series statement | 国家社科基金后期资助项目 |
| 650 ## - SUBJECT ADDED ENTRY--TOPICAL TERM | |
| Topical term or geographic name entry element | China -- History -- Jin dynasty, 1115-1234. |
| 650 ## - SUBJECT ADDED ENTRY--TOPICAL TERM | |
| Topical term or geographic name entry element | China -- History -- Liao dynasty, 947-1125. |
| 650 ## - SUBJECT ADDED ENTRY--TOPICAL TERM | |
| Topical term or geographic name entry element | China -- Politics and government -- 960-1279. |
| Withdrawn status | Lost status | Source of classification or shelving scheme | Damaged status | Not for loan | Home library | Current library | Shelving location | Date acquired | Total Checkouts | Full call number | Barcode | Date last seen | Price effective from | Koha item type |
|---|---|---|---|---|---|---|---|---|---|---|---|---|---|---|
| Library of Congress Classification | GETS Theological Seminary Library | GETS Theological Seminary Library | Special Collection | 10/07/2020 | DS751.72 .S85 2017 | 00017618 | 10/07/2020 | 10/07/2020 | Chinese Book |